Moral ist lehrbar : Handbuch zur Theorie und Praxis moralischer und demokratischer Bildung

Αποθηκεύτηκε σε:
Λεπτομέρειες βιβλιογραφικής εγγραφής
Κύριος συγγραφέας: Lind, Georg 1947-
Μορφή: Βιβλίο
Γλώσσα:German
Δημοσίευση: Munchen : Oldenbourg, 2003
Σειρά:EGS-Texte
Θέματα:
Ετικέτες: Προσθήκη ετικέτας
Δεν υπάρχουν, Καταχωρήστε ετικέτα πρώτοι!

MARC

LEADER 00000nam a2200000 i 4500
001 1/47177
008 040121s2003 ger d
020 |a 3-486-03506-1 
035 |l 10072031 
040 |a GR-MY-UA  |b gre  |e aacr 
041 0 |a ger 
082 0 |a 370.114 
100 1 |a Lind, Georg  |d 1947- 
245 1 0 |a Moral ist lehrbar :  |b Handbuch zur Theorie und Praxis moralischer und demokratischer Bildung /  |c Georg Lind 
260 |a Munchen :   |b Oldenbourg,   |c 2003 
300 |a 157 p. 
490 1 |a EGS-Texte 
650 0 0 |a Moral education. 
830 0 |a EGS-Texte 
852 |a INST  |b RHODES  |e 20040121  |h 370.114 LIN  |p 005400019637  |q 005400019637  |t BK  |y 0 
901 |a BIBL4-2004-1 
909 |a Ρ  |b 108142 
922 |a 4ΕΛΗ  |b 200312  |c ΕΠΕΑΕΚ2/ΤΕΠΑΕΣ  |d ΜΙΧΑΛΟΠΟΥΛΟΣ 
950 |a 096-2003-06-24 
970 |a ΚΟΥΛΑΚΙΟΤΗ  |b ΛΙΤΣΑ  |z 2004/02/25